[Event "DVM U16 2021"]
[Site "Kiel GER"]
[Date "2022.07.24"]
[Round "3"]
[White "Kovalchuk, Alexander"]
[Black "Jahrke, Jonas"]
[Result "1-0"]
[Termination "normal"]
[Board "6.2"]
[WhiteElo "1411"]
[BlackElo "1725"]
[WhiteClock "00:08:20"]
[BlackClock "00:04:51"]
[WhiteTeam "USV TU Dresden"]
[BlackTeam "Schachfreunde Essen-Katernberg 04/32 e. V."]
[PlyCount "97"]
[WhiteFideId "16247809"]
[BlackFideId "12984353"]
[EventCountry "GER"]
[EventRounds "7"]
[EventType "team-swiss"]
[EventDate "2022.07.22"]

1. d4 {[%clk 01:29:42]} {[%emt 00:00:04]} Nf6 {[%clk 01:30:55]} {[%emt
00:01:19]} 2. c4 {[%clk 01:29:49]} {[%emt 00:00:23]} c5 {[%clk 01:30:58]}
{[%emt 00:00:27]} 3. Nf3 {[%clk 01:28:47]} {[%emt 00:01:32]} cxd4 {[%clk
01:31:13]} {[%emt 00:00:14]} 4. Nxd4 {[%clk 01:28:45]} {[%emt 00:00:33]} e5
{[%clk 01:31:20]} {[%emt 00:00:23]} 5. Nf3 {[%clk 01:23:18]} {[%emt 00:05:57]}
Nc6 {[%clk 01:28:40]} {[%emt 00:03:09]} 6. e3 {[%clk 01:22:25]} {[%emt
00:01:24]} Bb4+ {[%clk 01:23:15]} {[%emt 00:05:54]} 7. Bd2 {[%clk 01:22:08]}
{[%emt 00:00:48]} Bxd2+ {[%clk 01:23:14]} {[%emt 00:00:31]} 8. Qxd2 {[%clk
01:20:33]} {[%emt 00:02:04]} d5 {[%clk 00:59:19]} {[%emt 00:24:27]} 9. cxd5
{[%clk 01:17:48]} {[%emt 00:03:13]} Qxd5 {[%clk 00:59:01]} {[%emt 00:00:56]}
10. Nc3 {[%clk 01:01:05]} {[%emt 00:17:07]} Qxd2+ {[%clk 00:58:42]} {[%emt
00:00:48]} 11. Nxd2 {[%clk 00:56:02]} {[%emt 00:05:33]} Be6 {[%clk 00:47:06]}
{[%emt 00:12:06]} 12. Bc4 {[%clk 00:49:12]} {[%emt 00:07:20]} Ke7 {[%clk
00:39:34]} {[%emt 00:08:02]} 13. Ke2 {[%clk 00:46:22]} {[%emt 00:03:20]} Rhd8
{[%clk 00:36:09]} {[%emt 00:03:55]} 14. Bxe6 {[%clk 00:45:21]} {[%emt
00:01:31]} Kxe6 {[%clk 00:36:17]} {[%emt 00:00:22]} 15. Rhd1 {[%clk 00:42:49]}
{[%emt 00:03:01]} Rac8 {[%clk 00:26:23]} {[%emt 00:10:25]} 16. Nb3 {[%clk
00:42:18]} {[%emt 00:01:01]} Rxd1 {[%clk 00:19:52]} {[%emt 00:07:02]} 17. Rxd1
{[%clk 00:42:13]} {[%emt 00:00:33]} Nb4 {[%clk 00:16:02]} {[%emt 00:04:21]} 18.
e4 {[%clk 00:35:35]} {[%emt 00:07:08]} b6 {[%clk 00:12:32]} {[%emt 00:04:01]}
19. f3 {[%clk 00:31:36]} {[%emt 00:04:24]} Nc6 {[%clk 00:08:38]} {[%emt
00:04:28]} 20. Rd2 {[%clk 00:23:22]} {[%emt 00:08:44]} Rd8 {[%clk 00:06:13]}
{[%emt 00:02:56]} 21. Rxd8 {[%clk 00:14:31]} {[%emt 00:09:20]} Nxd8 {[%clk
00:06:41]} {[%emt 00:00:02]} 22. Nd2 {[%clk 00:11:51]} {[%emt 00:03:09]} Nc6
{[%clk 00:06:27]} {[%emt 00:00:45]} 23. Nc4 {[%clk 00:11:01]} {[%emt 00:01:20]}
Nd7 {[%clk 00:05:11]} {[%emt 00:01:46]} 24. Nd5 {[%clk 00:08:55]} {[%emt
00:02:35]} Nd4+ {[%clk 00:04:04]} {[%emt 00:01:38]} 25. Kd2 {[%clk 00:08:55]}
{[%emt 00:00:29]} f6 {[%clk 00:03:40]} {[%emt 00:00:55]} 26. Nc7+ {[%clk
00:06:17]} {[%emt 00:03:06]} Ke7 {[%clk 00:03:28]} {[%emt 00:00:43]} 27. Ne3
{[%clk 00:05:48]} {[%emt 00:00:58]} Nf8 {[%clk 00:02:53]} {[%emt 00:01:06]} 28.
Ned5+ {[%clk 00:03:34]} {[%emt 00:02:44]} Kd7 {[%clk 00:02:48]} {[%emt
00:00:35]} 29. Kd3 {[%clk 00:02:48]} {[%emt 00:01:15]} Ng6 {[%clk 00:02:27]}
{[%emt 00:00:53]} 30. Ke3 {[%clk 00:02:07]} {[%emt 00:01:10]} Ne7 {[%clk
00:01:34]} {[%emt 00:01:24]} 31. Nxe7 {[%clk 00:01:41]} {[%emt 00:00:55]} Kxe7
{[%clk 00:01:51]} {[%emt 00:00:14]} 32. Nd5+ {[%clk 00:02:01]} {[%emt
00:00:10]} Kd6 {[%clk 00:02:01]} {[%emt 00:00:20]} 33. Kd3 {[%clk 00:02:22]}
{[%emt 00:00:08]} f5 {[%clk 00:01:47]} {[%emt 00:00:45]} 34. Nc3 {[%clk
00:02:01]} {[%emt 00:00:50]} f4 {[%clk 00:01:49]} {[%emt 00:00:29]} 35. Nd5
{[%clk 00:01:48]} {[%emt 00:00:42]} h5 {[%clk 00:01:26]} {[%emt 00:00:54]} 36.
Nxf4 {[%clk 00:01:35]} {[%emt 00:00:42]} Nxf3 {[%clk 00:01:12]} {[%emt
00:00:45]} 37. Nxh5 {[%clk 00:00:51]} {[%emt 00:01:14]} Ne1+ {[%clk 00:01:02]}
{[%emt 00:00:40]} 38. Kd2 {[%clk 00:00:44]} {[%emt 00:00:37]} Nxg2 {[%clk
00:00:47]} {[%emt 00:00:45]} 39. Nxg7 {[%clk 00:01:06]} {[%emt 00:00:07]} Nf4
{[%clk 00:00:40]} {[%emt 00:00:38]} 40. h4 {[%clk 00:01:12]} {[%emt 00:00:23]}
Ke7 {[%clk 00:00:35]} {[%emt 00:00:36]} 41. Kc3 {[%clk 00:00:39]} {[%emt
00:01:02]} b5 {[%clk 00:14:23]} {[%emt 00:16:44]} 42. Kb4 {[%clk 00:18:17]}
{[%emt 00:12:50]} Nd3+ {[%clk 00:11:58]} {[%emt 00:02:55]} 43. Kxb5 {[%clk
00:18:32]} {[%emt 00:00:15]} Nf2 {[%clk 00:11:34]} {[%emt 00:00:55]} 44. Nf5+
{[%clk 00:18:06]} {[%emt 00:00:55]} Ke6 {[%clk 00:08:17]} {[%emt 00:03:48]} 45.
Ng3 {[%clk 00:18:07]} {[%emt 00:00:28]} Kd6 {[%clk 00:07:06]} {[%emt 00:01:41]}
46. Ka6 {[%clk 00:10:11]} {[%emt 00:08:26]} Kc5 {[%clk 00:05:22]} {[%emt
00:02:15]} 47. h5 {[%clk 00:08:40]} {[%emt 00:02:00]} Kd4 {[%clk 00:04:53]}
{[%emt 00:00:59]} 48. h6 {[%clk 00:08:03]} {[%emt 00:01:07]} Ng4 {[%clk
00:04:51]} {[%emt 00:00:33]} 49. h7 {[%clk 00:08:20]} {[%emt 00:00:13]} 1-0

[Event "DVM U16 2021"]
[Site "Kiel GER"]
[Date "2022.07.24"]
[Round "3"]
[White "Berresheim, Nils"]
[Black "Günther, Fabian"]
[Result "1-0"]
[Termination "normal"]
[Board "6.3"]
[WhiteElo "1730"]
[BlackElo "1485"]
[WhiteClock "00:19:14"]
[BlackClock "00:10:55"]
[WhiteTeam "Schachfreunde Essen-Katernberg 04/32 e. V."]
[BlackTeam "USV TU Dresden"]
[PlyCount "63"]
[WhiteFideId "16246306"]
[BlackFideId "16240294"]
[EventCountry "GER"]
[EventRounds "7"]
[EventType "team-swiss"]
[EventDate "2022.07.22"]

1. d4 {[%clk 01:30:56]} {[%emt 00:00:03]} Nf6 {[%clk 01:30:54]} {[%emt
00:00:06]} 2. c4 {[%clk 01:31:12]} {[%emt 00:00:14]} e6 {[%clk 01:31:20]}
{[%emt 00:00:05]} 3. Nf3 {[%clk 01:31:29]} {[%emt 00:00:12]} b6 {[%clk
01:31:42]} {[%emt 00:00:09]} 4. g3 {[%clk 01:30:47]} {[%emt 00:01:11]} Bb7
{[%clk 01:32:06]} {[%emt 00:00:07]} 5. Bg2 {[%clk 01:31:07]} {[%emt 00:00:09]}
d5 {[%clk 01:32:28]} {[%emt 00:00:09]} 6. cxd5 {[%clk 01:29:08]} {[%emt
00:02:29]} Nxd5 {[%clk 01:32:47]} {[%emt 00:00:11]} 7. O-O {[%clk 01:27:37]}
{[%emt 00:01:59]} Be7 {[%clk 01:32:50]} {[%emt 00:00:28]} 8. Re1 {[%clk
01:25:17]} {[%emt 00:02:50]} O-O {[%clk 01:33:09]} {[%emt 00:00:11]} 9. e4
{[%clk 01:22:51]} {[%emt 00:02:55]} Nf6 {[%clk 01:32:29]} {[%emt 00:01:11]} 10.
Nc3 {[%clk 01:21:08]} {[%emt 00:02:13]} Nbd7 {[%clk 01:25:47]} {[%emt
00:07:12]} 11. Qc2 {[%clk 01:17:45]} {[%emt 00:03:52]} h6 {[%clk 01:18:26]}
{[%emt 00:07:52]} 12. h3 {[%clk 01:13:21]} {[%emt 00:04:54]} c5 {[%clk
01:17:10]} {[%emt 00:01:46]} 13. Be3 {[%clk 01:11:35]} {[%emt 00:02:15]} cxd4
{[%clk 01:01:25]} {[%emt 00:16:17]} 14. Bxd4 {[%clk 01:10:07]} {[%emt
00:01:58]} Bc5 {[%clk 01:00:42]} {[%emt 00:01:13]} 15. Rad1 {[%clk 01:08:03]}
{[%emt 00:02:33]} Qe7 {[%clk 00:59:48]} {[%emt 00:01:25]} 16. e5 {[%clk
01:03:28]} {[%emt 00:05:05]} Nd5 {[%clk 00:55:58]} {[%emt 00:04:20]} 17. Ne4
{[%clk 01:00:35]} {[%emt 00:03:22]} Rac8 {[%clk 00:54:07]} {[%emt 00:02:21]}
18. Qb1 {[%clk 00:58:54]} {[%emt 00:02:10]} Bb4 {[%clk 00:39:17]} {[%emt
00:15:21]} 19. Re2 {[%clk 00:52:54]} {[%emt 00:06:28]} Ba6 {[%clk 00:28:57]}
{[%emt 00:10:53]} 20. Rc2 {[%clk 00:51:10]} {[%emt 00:02:13]} Nc5 {[%clk
00:28:27]} {[%emt 00:01:01]} 21. a3 {[%clk 00:30:16]} {[%emt 00:21:24]} Nxe4
{[%clk 00:27:17]} {[%emt 00:01:39]} 22. Rxc8 {[%clk 00:28:37]} {[%emt
00:02:09]} Rxc8 {[%clk 00:27:37]} {[%emt 00:00:11]} 23. Qxe4 {[%clk 00:26:52]}
{[%emt 00:02:15]} Bc5 {[%clk 00:28:03]} {[%emt 00:00:04]} 24. Nd2 {[%clk
00:25:07]} {[%emt 00:02:14]} Qg5 {[%clk 00:24:00]} {[%emt 00:04:33]} 25. b4
{[%clk 00:21:28]} {[%emt 00:04:09]} Bxd4 {[%clk 00:21:30]} {[%emt 00:03:01]}
26. Qxd4 {[%clk 00:21:50]} {[%emt 00:00:07]} Nc3 {[%clk 00:21:33]} {[%emt
00:00:27]} 27. Ne4 {[%clk 00:18:05]} {[%emt 00:04:15]} Ne2+ {[%clk 00:20:54]}
{[%emt 00:01:09]} 28. Kh2 {[%clk 00:17:53]} {[%emt 00:00:41]} Nxd4 {[%clk
00:14:20]} {[%emt 00:07:06]} 29. Nxg5 {[%clk 00:18:14]} {[%emt 00:00:08]} hxg5
{[%clk 00:10:27]} {[%emt 00:04:23]} 30. Rxd4 {[%clk 00:18:38]} {[%emt
00:00:07]} Rc2 {[%clk 00:10:37]} {[%emt 00:00:20]} 31. Rd8+ {[%clk 00:18:49]}
{[%emt 00:00:18]} Kh7 {[%clk 00:10:55]} {[%emt 00:00:13]} 32. Be4+ {[%clk
00:19:14]} {[%emt 00:00:05]} 1-0

[Event "DVM U16 2021"]
[Site "Kiel GER"]
[Date "2022.07.24"]
[Round "3"]
[White "Andreas, Bruno"]
[Black "Payes Kanders, Valentin"]
[Result "0-1"]
[Termination "normal"]
[Board "6.4"]
[WhiteElo "1490"]
[BlackElo "1630"]
[WhiteClock "00:00:39"]
[BlackClock "00:01:04"]
[WhiteTeam "USV TU Dresden"]
[BlackTeam "Schachfreunde Essen-Katernberg 04/32 e. V."]
[PlyCount "80"]
[WhiteFideId "16274210"]
[BlackFideId "16261046"]
[EventCountry "GER"]
[EventRounds "7"]
[EventType "team-swiss"]
[EventDate "2022.07.22"]

1. e4 {[%clk 01:30:57]} {[%emt 00:00:02]} c5 {[%clk 01:30:55]} {[%emt
00:00:05]} 2. Nf3 {[%clk 01:31:21]} {[%emt 00:00:07]} d6 {[%clk 01:31:18]}
{[%emt 00:00:06]} 3. d4 {[%clk 01:31:44]} {[%emt 00:00:08]} cxd4 {[%clk
01:31:41]} {[%emt 00:00:06]} 4. Nxd4 {[%clk 01:32:10]} {[%emt 00:00:04]} Nf6
{[%clk 01:31:51]} {[%emt 00:00:20]} 5. Nc3 {[%clk 01:32:31]} {[%emt 00:00:09]}
g6 {[%clk 01:32:10]} {[%emt 00:00:11]} 6. Bc4 {[%clk 01:31:57]} {[%emt
00:01:04]} Bg7 {[%clk 01:31:57]} {[%emt 00:00:43]} 7. O-O {[%clk 01:30:29]}
{[%emt 00:01:58]} O-O {[%clk 01:32:18]} {[%emt 00:00:09]} 8. h3 {[%clk
01:29:18]} {[%emt 00:01:41]} Nc6 {[%clk 01:19:55]} {[%emt 00:12:52]} 9. Be3
{[%clk 01:26:12]} {[%emt 00:03:37]} Bd7 {[%clk 01:14:17]} {[%emt 00:06:07]} 10.
Re1 {[%clk 01:22:30]} {[%emt 00:04:13]} Rc8 {[%clk 01:13:09]} {[%emt 00:01:37]}
11. Bb3 {[%clk 01:19:21]} {[%emt 00:03:40]} Na5 {[%clk 01:11:01]} {[%emt
00:02:37]} 12. Qd2 {[%clk 01:15:37]} {[%emt 00:04:16]} Nc4 {[%clk 01:09:29]}
{[%emt 00:02:01]} 13. Bxc4 {[%clk 01:06:48]} {[%emt 00:09:19]} Rxc4 {[%clk
01:09:50]} {[%emt 00:00:09]} 14. Qd3 {[%clk 00:46:54]} {[%emt 00:20:25]} Qc8
{[%clk 01:06:11]} {[%emt 00:04:07]} 15. Rac1 {[%clk 00:33:47]} {[%emt
00:13:38]} Re8 {[%clk 00:40:48]} {[%emt 00:25:52]} 16. Nde2 {[%clk 00:28:40]}
{[%emt 00:05:37]} b5 {[%clk 00:34:41]} {[%emt 00:06:37]} 17. Ng3 {[%clk
00:18:37]} {[%emt 00:10:34]} Qb7 {[%clk 00:32:09]} {[%emt 00:03:01]} 18. b3
{[%clk 00:16:14]} {[%emt 00:02:54]} Rcc8 {[%clk 00:17:48]} {[%emt 00:14:50]}
19. Bd4 {[%clk 00:13:26]} {[%emt 00:03:18]} b4 {[%clk 00:15:40]} {[%emt
00:02:38]} 20. Nce2 {[%clk 00:13:36]} {[%emt 00:00:21]} Bb5 {[%clk 00:13:23]}
{[%emt 00:02:46]} 21. Qe3 {[%clk 00:13:13]} {[%emt 00:00:53]} h5 {[%clk
00:12:14]} {[%emt 00:01:40]} 22. c4 {[%clk 00:11:27]} {[%emt 00:02:16]} Bc6
{[%clk 00:12:04]} {[%emt 00:00:39]} 23. Bxf6 {[%clk 00:07:14]} {[%emt
00:04:44]} Bxf6 {[%clk 00:12:21]} {[%emt 00:00:12]} 24. Nf4 {[%clk 00:07:24]}
{[%emt 00:00:21]} Bg5 {[%clk 00:12:24]} {[%emt 00:00:26]} 25. Qf3 {[%clk
00:03:45]} {[%emt 00:04:07]} e5 {[%clk 00:11:41]} {[%emt 00:01:15]} 26. Nd5
{[%clk 00:02:39]} {[%emt 00:01:37]} Bxd5 {[%clk 00:11:47]} {[%emt 00:00:23]}
27. exd5 {[%clk 00:02:57]} {[%emt 00:00:13]} Bxc1 {[%clk 00:11:44]} {[%emt
00:00:33]} 28. Rxc1 {[%clk 00:03:22]} {[%emt 00:00:05]} Qe7 {[%clk 00:09:46]}
{[%emt 00:02:27]} 29. Ne4 {[%clk 00:03:35]} {[%emt 00:00:18]} f5 {[%clk
00:10:01]} {[%emt 00:00:14]} 30. Ng3 {[%clk 00:02:40]} {[%emt 00:01:25]} Qg5
{[%clk 00:10:00]} {[%emt 00:00:31]} 31. Rd1 {[%clk 00:02:10]} {[%emt 00:01:01]}
e4 {[%clk 00:09:52]} {[%emt 00:00:37]} 32. Qe2 {[%clk 00:01:59]} {[%emt
00:00:42]} h4 {[%clk 00:09:25]} {[%emt 00:00:57]} 33. Nf1 {[%clk 00:02:11]}
{[%emt 00:00:18]} Re5 {[%clk 00:08:15]} {[%emt 00:01:39]} 34. Ne3 {[%clk
00:02:25]} {[%emt 00:00:18]} Rf8 {[%clk 00:08:04]} {[%emt 00:00:39]} 35. Re1
{[%clk 00:02:21]} {[%emt 00:00:35]} f4 {[%clk 00:04:13]} {[%emt 00:04:21]} 36.
Ng4 {[%clk 00:02:45]} {[%emt 00:00:07]} f3 {[%clk 00:04:15]} {[%emt 00:00:26]}
37. Qe3 {[%clk 00:03:05]} {[%emt 00:00:11]} Rf4 {[%clk 00:03:02]} {[%emt
00:01:43]} 38. Qxa7 {[%clk 00:01:49]} {[%emt 00:01:45]} Rxg4 {[%clk 00:03:21]}
{[%emt 00:00:12]} 39. Qb8+ {[%clk 00:00:58]} {[%emt 00:01:21]} Kh7 {[%clk
00:03:16]} {[%emt 00:00:34]} 40. Qc7+ {[%clk 00:00:39]} {[%emt 00:00:50]} Re7
{[%clk 00:01:04]} {[%emt 00:02:42]} 0-1

[Event "DVM U16 2021"]
[Site "Kiel GER"]
[Date "2022.07.24"]
[Round "3"]
[White "Cilo, Selimhan"]
[Black "Albert, Markus"]
[Result "0-1"]
[Termination "normal"]
[Board "7.1"]
[WhiteElo "1500"]
[BlackElo "2010"]
[WhiteClock "00:23:48"]
[BlackClock "00:24:47"]
[WhiteTeam "SF 1876 Göppingen"]
[BlackTeam "SC Ansbach 1855 e.V."]
[PlyCount "64"]
[WhiteFideId "16246756"]
[BlackFideId "16292626"]
[EventCountry "GER"]
[EventRounds "7"]
[EventType "team-swiss"]
[EventDate "2022.07.22"]

1. e4 {[%clk 01:30:57]} {[%emt 00:00:02]} Nc6 {[%clk 01:30:47]} {[%emt
00:00:13]} 2. Nf3 {[%clk 01:30:32]} {[%emt 00:00:55]} e5 {[%clk 01:29:59]}
{[%emt 00:01:18]} 3. Bc4 {[%clk 01:30:51]} {[%emt 00:00:12]} Nf6 {[%clk
01:30:05]} {[%emt 00:00:23]} 4. Ng5 {[%clk 01:31:13]} {[%emt 00:00:08]} d5
{[%clk 01:19:09]} {[%emt 00:11:27]} 5. exd5 {[%clk 01:31:29]} {[%emt 00:00:14]}
Na5 {[%clk 01:19:33]} {[%emt 00:00:05]} 6. Bb5+ {[%clk 01:31:51]} {[%emt
00:00:09]} c6 {[%clk 01:18:06]} {[%emt 00:01:57]} 7. dxc6 {[%clk 01:32:13]}
{[%emt 00:00:08]} bxc6 {[%clk 01:18:34]} {[%emt 00:00:02]} 8. Bd3 {[%clk
01:32:28]} {[%emt 00:00:15]} Nd5 {[%clk 01:17:18]} {[%emt 00:01:45]} 9. Nf3
{[%clk 01:32:27]} {[%emt 00:00:31]} Bd6 {[%clk 01:17:37]} {[%emt 00:00:11]} 10.
O-O {[%clk 01:29:31]} {[%emt 00:03:26]} O-O {[%clk 01:15:11]} {[%emt 00:02:55]}
11. Re1 {[%clk 01:27:51]} {[%emt 00:02:11]} Re8 {[%clk 01:10:16]} {[%emt
00:05:25]} 12. Nc3 {[%clk 01:26:22]} {[%emt 00:01:59]} f5 {[%clk 01:10:06]}
{[%emt 00:00:40]} 13. Bf1 {[%clk 01:23:23]} {[%emt 00:03:28]} e4 {[%clk
01:08:05]} {[%emt 00:02:31]} 14. Nd4 {[%clk 01:22:16]} {[%emt 00:01:37]} Qf6
{[%clk 01:06:02]} {[%emt 00:02:34]} 15. Nb3 {[%clk 01:20:33]} {[%emt 00:02:13]}
Nb7 {[%clk 01:03:52]} {[%emt 00:02:40]} 16. d4 {[%clk 01:12:51]} {[%emt
00:08:12]} a5 {[%clk 00:58:41]} {[%emt 00:05:41]} 17. Na4 {[%clk 00:56:19]}
{[%emt 00:17:02]} Bc7 {[%clk 00:50:40]} {[%emt 00:08:32]} 18. Qh5 {[%clk
00:49:53]} {[%emt 00:06:56]} g6 {[%clk 00:44:37]} {[%emt 00:06:33]} 19. Qg5
{[%clk 00:48:37]} {[%emt 00:01:46]} Qg7 {[%clk 00:43:07]} {[%emt 00:01:59]} 20.
Qh6 {[%clk 00:47:10]} {[%emt 00:01:57]} Nb4 {[%clk 00:42:07]} {[%emt 00:01:30]}
21. Bc4+ {[%clk 00:40:14]} {[%emt 00:07:27]} Kh8 {[%clk 00:41:09]} {[%emt
00:01:27]} 22. Qd2 {[%clk 00:34:37]} {[%emt 00:06:07]} f4 {[%clk 00:38:52]}
{[%emt 00:02:47]} 23. Nbc5 {[%clk 00:33:39]} {[%emt 00:01:29]} Nxc5 {[%clk
00:36:04]} {[%emt 00:03:18]} 24. Nxc5 {[%clk 00:34:00]} {[%emt 00:00:09]} Bf5
{[%clk 00:36:12]} {[%emt 00:00:21]} 25. Bb3 {[%clk 00:31:02]} {[%emt 00:03:28]}
Qf6 {[%clk 00:27:54]} {[%emt 00:08:48]} 26. a3 {[%clk 00:26:10]} {[%emt
00:05:22]} Nd5 {[%clk 00:27:23]} {[%emt 00:01:01]} 27. c4 {[%clk 00:26:24]}
{[%emt 00:00:17]} e3 {[%clk 00:27:32]} {[%emt 00:00:21]} 28. Qd1 {[%clk
00:25:09]} {[%emt 00:01:45]} Qh4 {[%clk 00:25:08]} {[%emt 00:02:53]} 29. f3
{[%clk 00:24:21]} {[%emt 00:01:18]} Qf2+ {[%clk 00:24:57]} {[%emt 00:00:41]}
30. Kh1 {[%clk 00:24:44]} {[%emt 00:00:08]} e2 {[%clk 00:25:21]} {[%emt
00:00:06]} 31. Be3 {[%clk 00:23:36]} {[%emt 00:01:38]} exd1=Q {[%clk 00:24:47]}
{[%emt 00:01:04]} 32. Bxf2 {[%clk 00:23:48]} {[%emt 00:00:17]} Rxe1+ {[%emt
00:00:44]} 0-1

[Event "DVM U16 2021"]
[Site "Kiel GER"]
[Date "2022.07.24"]
[Round "3"]
[White "Stark, Raphael"]
[Black "Kittel, Lennart"]
[Result "1/2-1/2"]
[Termination "normal"]
[Board "7.2"]
[WhiteElo "1667"]
[BlackElo "1557"]
[WhiteClock "00:29:57"]
[BlackClock "00:00:56"]
[WhiteTeam "SC Ansbach 1855 e.V."]
[BlackTeam "SF 1876 Göppingen"]
[PlyCount "103"]
[WhiteFideId "16230043"]
[BlackFideId "16254171"]
[EventCountry "GER"]
[EventRounds "7"]
[EventType "team-swiss"]
[EventDate "2022.07.22"]

1. g4 {[%emt 00:00:07]} d5 {[%clk 01:30:31]} {[%emt 00:00:27]} 2. Bg2 {[%clk
01:31:18]} {[%emt 00:00:06]} Bxg4 {[%clk 01:29:11]} {[%emt 00:01:51]} 3. c4
{[%clk 01:31:41]} {[%emt 00:00:07]} c6 {[%clk 01:13:28]} {[%emt 00:16:13]} 4.
cxd5 {[%clk 01:28:32]} {[%emt 00:03:39]} cxd5 {[%clk 01:12:56]} {[%emt
00:01:02]} 5. Qb3 {[%clk 01:28:17]} {[%emt 00:00:45]} Qc7 {[%clk 01:07:09]}
{[%emt 00:06:16]} 6. Nc3 {[%clk 01:27:39]} {[%emt 00:01:08]} e6 {[%clk
01:06:02]} {[%emt 00:01:38]} 7. Qa4+ {[%clk 01:28:00]} {[%emt 00:00:09]} Nc6
{[%clk 01:05:16]} {[%emt 00:01:16]} 8. Qxg4 {[%clk 01:26:59]} {[%emt 00:01:31]}
Nb4 {[%clk 01:03:43]} {[%emt 00:02:02]} 9. Kd1 {[%clk 01:24:08]} {[%emt
00:03:21]} Nf6 {[%clk 01:00:19]} {[%emt 00:03:54]} 10. Qg3 {[%clk 01:20:25]}
{[%emt 00:04:13]} Bd6 {[%clk 00:55:28]} {[%emt 00:05:21]} 11. Qh4 {[%clk
01:14:04]} {[%emt 00:06:51]} Be7 {[%clk 00:47:02]} {[%emt 00:08:56]} 12. Nh3
{[%clk 01:02:26]} {[%emt 00:12:08]} h5 {[%clk 00:40:35]} {[%emt 00:06:57]} 13.
f3 {[%clk 00:51:51]} {[%emt 00:11:06]} Ne4 {[%clk 00:25:33]} {[%emt 00:15:31]}
14. Qe1 {[%clk 00:51:04]} {[%emt 00:01:16]} d4 {[%clk 00:24:45]} {[%emt
00:01:19]} 15. fxe4 {[%clk 00:49:21]} {[%emt 00:02:13]} dxc3 {[%clk 00:23:09]}
{[%emt 00:02:05]} 16. dxc3 {[%clk 00:48:38]} {[%emt 00:01:14]} Rd8+ {[%clk
00:20:21]} {[%emt 00:03:18]} 17. Bd2 {[%clk 00:48:53]} {[%emt 00:00:15]} Bf6
{[%clk 00:15:25]} {[%emt 00:05:26]} 18. cxb4 {[%clk 00:34:32]} {[%emt
00:14:52]} Bxb2 {[%clk 00:15:22]} {[%emt 00:00:32]} 19. Rb1 {[%clk 00:34:14]}
{[%emt 00:00:49]} Bc3 {[%clk 00:05:09]} {[%emt 00:10:42]} 20. Rc1 {[%clk
00:30:39]} {[%emt 00:04:05]} Qc4 {[%clk 00:04:25]} {[%emt 00:01:14]} 21. Nf2
{[%clk 00:24:40]} {[%emt 00:06:29]} Qxa2 {[%clk 00:01:40]} {[%emt 00:03:15]}
22. Nd3 {[%clk 00:22:16]} {[%emt 00:02:54]} Qb3+ {[%clk 00:01:48]} {[%emt
00:00:21]} 23. Rc2 {[%clk 00:22:36]} {[%emt 00:00:11]} Qb1+ {[%clk 00:01:59]}
{[%emt 00:00:19]} 24. Nc1 {[%clk 00:21:44]} {[%emt 00:01:21]} Qxb4 {[%clk
00:00:56]} {[%emt 00:01:34]} 25. e3 {[%clk 00:21:03]} {[%emt 00:01:11]} Qa4
{[%clk 00:00:53]} {[%emt 00:00:32]} 26. Bf1 {[%clk 00:19:23]} {[%emt 00:02:11]}
Rxd2+ {[%clk 00:01:00]} {[%emt 00:00:23]} 27. Qxd2 {[%clk 00:19:36]} {[%emt
00:00:16]} Bxd2 {[%clk 00:01:18]} {[%emt 00:00:13]} 28. Kxd2 {[%clk 00:19:23]}
{[%emt 00:00:43]} Qa5+ {[%clk 00:01:20]} {[%emt 00:00:28]} 29. Ke2 {[%clk
00:19:07]} {[%emt 00:00:46]} Ke7 {[%clk 00:01:03]} {[%emt 00:00:47]} 30. Nd3
{[%clk 00:18:37]} {[%emt 00:01:00]} Rd8 {[%clk 00:00:42]} {[%emt 00:00:51]} 31.
Bg2 {[%clk 00:17:56]} {[%emt 00:01:11]} Qb5 {[%clk 00:00:43]} {[%emt 00:00:29]}
32. Rd1 {[%clk 00:17:55]} {[%emt 00:00:31]} e5 {[%clk 00:00:44]} 33. Rb2 {[%clk
00:16:55]} {[%emt 00:01:58]} Qa6 {[%clk 00:00:33]} 34. Rb3 {[%clk 00:16:51]}
{[%emt 00:01:15]} Qc6 {[%clk 00:00:31]} 35. Rd2 {[%clk 00:16:30]} {[%emt
00:01:24]} Qg6 {[%clk 00:00:35]} 36. Kf2 {[%clk 00:14:44]} {[%emt 00:02:41]}
Qc6 {[%clk 00:00:40]} 37. Rdb2 {[%clk 00:14:27]} {[%emt 00:01:13]} b6 38. Nxe5
{[%clk 00:14:21]} Qf6+ {[%clk 00:00:51]} {[%emt 00:00:22]} 39. Nf3 {[%clk
00:14:44]} {[%emt 00:00:07]} g5 {[%clk 00:00:37]} {[%emt 00:00:44]} 40. Ke2
{[%clk 00:14:39]} {[%emt 00:00:35]} g4 {[%clk 00:00:31]} {[%emt 00:00:36]} 41.
Nd4 {[%clk 00:14:31]} {[%emt 00:00:38]} Rc8 {[%clk 00:26:03]} {[%emt 00:04:58]}
42. Ra2 {[%clk 00:43:33]} {[%emt 00:01:28]} a5 {[%clk 00:24:02]} {[%emt
00:02:31]} 43. Rab2 {[%clk 00:43:24]} {[%emt 00:00:38]} Qe5 {[%clk 00:20:19]}
{[%emt 00:04:13]} 44. Rxb6 {[%clk 00:42:29]} {[%emt 00:01:26]} Qxh2 {[%clk
00:16:12]} {[%emt 00:04:36]} 45. Kd3 {[%clk 00:41:32]} {[%emt 00:01:28]} h4
{[%clk 00:08:06]} {[%emt 00:08:36]} 46. e5 Qxe5 {[%clk 00:01:11]} 47. Rc6
{[%clk 00:35:10]} {[%emt 00:04:04]} Rb8 {[%clk 00:00:38]} {[%emt 00:01:02]} 48.
Rbc2 {[%clk 00:33:48]} {[%emt 00:01:52]} Rd8 {[%clk 00:00:40]} {[%emt
00:00:29]} 49. R2c5 {[%clk 00:32:03]} {[%emt 00:02:14]} Rxd4+ {[%clk 00:00:56]}
{[%emt 00:00:14]} 50. exd4 {[%clk 00:30:40]} {[%emt 00:01:36]} Qg3+ 51. Kc4
{[%clk 00:29:57]} {[%emt 00:01:03]} Qxg2 52. Rc7+ {[%emt 00:02:48]} 1/2-1/2